Sense And Sensibility

Bibliographic Details
Main Author: Austen,Jane
Format: Book
Published: New Delhi : Vishv Books , [s.n]
Subjects:

MARC

LEADER 00000cam a2200000 7i4500
001 0000048547
005 20150617.0
008 150617
020 |a 9788179878682 
090 0 0 |a AUS   |b ENG 
100 1 |a Austen,Jane 
245 1 0 |a Sense And Sensibility   |c Jane Austen 
260 |a New Delhi :   |b Vishv Books ,   |c [s.n] 
300 |a 316pg. :   |b col.ill 
650 0 |a English Novel 
999 |a 0001267580   |b Book   |c Adult Collection   |e Cawangan Urban Transformation Centre 
999 |a 0001290918   |b Book   |c Adult Collection   |e Cawangan Bandar Penawar 
999 |a 0001291539   |b Book   |c Adult Collection   |e Cawangan Bandar Tenggara 
999 |a 0001291540   |b Book   |c Adult Collection   |e Cawangan Bandar Penawar 
999 |a 0001291544   |b Book   |c Adult Collection   |e Cawangan Bukit Gambir 
999 |a 0001291545   |b Book   |c Adult Collection   |e Cawangan Tangkak